Diagnóstico Agroecológico de Dos Micro-zonas del Trópico Seco

El presente estudio analiza el potencial de los recursos naturales climáticos y del suelo, de las dos áreas de estudio que son dos cooperativas una ubicada en Tipitapa y otra en las mangas, donde se trata de poder determinar exactamente según la necesidad agroecológica el cultivo más indicado p...

Full description

Bibliographic Details
Main Authors: Peña Centeno, Kathya E., Rattrey Martin, Patrick
Other Authors: Tutor: Aguilar Velásquez, Alvaro Beni
Format: Tesis Section = Libro
Language:Undetermined
Spanish
Published: Managua UNI 1995
Subjects:
LEADER 01265nam a2200241Ia 4500
008 240830s9999 xx 000 0 und d
040 |a BIBLIOTECA-RUPAP Mon 631.4 P397 
041 |a spa 
082 |a Mon 631.4 P397 
100 1 |a Peña Centeno, Kathya E. 
100 1 |b Rattrey Martin, Patrick 
245 1 0 |a Diagnóstico Agroecológico de Dos Micro-zonas del Trópico Seco 
260 |a Managua  |b UNI  |c 1995 
300 |a 124 p. :il. 
500 |a Contiene: gráficos, mapas y tablas. 
502 |a Tesis (Ingeniero Agrícola)- UNI, 1995. 
520 3 |a El presente estudio analiza el potencial de los recursos naturales climáticos y del suelo, de las dos áreas de estudio que son dos cooperativas una ubicada en Tipitapa y otra en las mangas, donde se trata de poder determinar exactamente según la necesidad agroecológica el cultivo más indicado para el tipo de suelo, así como técnicos más adecuados para conservación de los mismos. Además de realizar estudio del uso actual de ambas zonas se hará un análisis comparativo del uso potencial en relación a su uso actual. 
650 7 |a CLIMATOLOGIA AGRICOLA 
650 7 |b SUELOS. 
700 1 |a Tutor:  |b Aguilar Velásquez, Alvaro Beni 
942 |c BK  |2 ddc 
991 |a TESIS 
999 |c 16642